header

Things That Sometimes Happen (Record no. 261463)

MARC details
000 -LEADER
fixed length control field 00243nam a22000977a 4500
020 ## - INTERNATIONAL STANDARD BOOK NUMBER
ISBN 9780689839146
100 ## - MAIN ENTRY--AUTHOR NAME
Personal name Avi Wortis
245 ## - TITLE STATEMENT
Title Things That Sometimes Happen
260 ## - PUBLICATION, DISTRIBUTION, ETC. (IMPRINT)
Place of publication New YORK
Name of publisher Atheneum Books For Young Readers
Year of publication 1970
942 ## - ADDED ENTRY ELEMENTS (KOHA)
Koha item type Long Loan Books
Holdings
Withdrawn status Lost status Collection code Home library Current library Shelving location Date acquired Accession Number Koha item type
    Fiction Rongo University Library Rongo University Library Children's Area 09/11/2023 CL20211101 Long Loan Books

© 2026 Rongo University
Contact us: librarian | system librarian | Rongo university